| 000 | 00558nam a2200193Ia 4500 | ||
|---|---|---|---|
| 008 | 130729s9999 xx 000 0 und d | ||
| 072 | _aElementary Versions Of Modern Methods(Calculus,Study Of Curves And Surfaces) | ||
| 082 | _a515 | ||
| 082 | _bSp498 | ||
| 100 |
_aSpivak, Michael _9575 |
||
| 245 | _aCalculus on Manifold:A Modern Approach To Classical Theorems Of Advanced Calculus | ||
| 245 | _cSpivak, Michael | ||
| 260 | _aNew York | ||
| 260 | _bBenjamin | ||
| 260 | _c1965 | ||
| 300 | _a137 | ||
| 300 | _fIllustration & index | ||
| 942 | _cBK | ||
| 999 |
_c6347 _d6347 |
||